Informe final del Ejercicio Profesional Supervisado, realizado en la Empresa Maya Mix, Cobán, Alta Verapaz/ (Registro nro. 1261)

Detalles MARC
000 -LEADER
campo de control de longitud fija 02977nam a22003137i 4500
001 - NÚMERO DE CONTROL
campo de control TCPA 78
003 - IDENTIFICADOR DE NÚMERO DE CONTROL
campo de control gtcocun
005 - FECHA Y HORA DE LA ÚLTIMA TRANSACCIÓN
campo de control 20250820224439.0
006 - CÓDIGOS DE INFORMACIÓN DE LONGITUD FIJA--CARACTERÍSTICAS DEL MATERIAL ADICIONAL
campo de control de longitud fija a||||gr|||| 00| 0
008 - DATOS DE LONGITUD FIJA--INFORMACIÓN GENERAL
campo de control de longitud fija 250820b2019 gt ||||| m||| 00| 0 eng d
040 ## - FUENTE DE CATALOGACIÓN
Centro catalogador/agencia de origen gtcocun
Lengua de catalogación SPA
Centro/agencia transcriptor gtcocun
Normas de descripción RDA
041 ## - CÓDIGO DE IDIOMA
Código de lengua del texto/banda sonora o título independiente SPA
084 ## - OTRO NÚMERO DE CLASIFICACIÓN
Número de control del registro de autoridad o número normalizado TCPA 78
100 ## - ENTRADA PRINCIPAL--NOMBRE DE PERSONA
Nombre de persona Teni Yoj, Marco Tulio
Término indicativo de función/relación Autor
245 ## - MENCIÓN DEL TÍTULO
Título Informe final del Ejercicio Profesional Supervisado, realizado en la Empresa Maya Mix, Cobán, Alta Verapaz/
Mención de responsabilidad, etc. Marco Tulio Teni Yoj
Medio Impreso
264 ## - PRODUCCIÓN, PUBLICACIÓN, DISTRIBUCIÓN, FABRICACIÓN Y COPYRIGHT
Producción, publicación, distribución, fabricación y copyright Cobán, Alta Verapaz:
Nombre del de productor, editor, distribuidor, fabricante Universidad de San Carlos de Guatemala, Centro Universitario del Norte, Licenciatura en Contaduría Pública y Auditoría.
Fecha de producción, publicación, distribución, fabricación o copyright 2019
300 ## - DESCRIPCIÓN FÍSICA
Extensión 55 p.:
Otras características físicas Ilustraciones, gráficas.
Dimensiones 28 cm; PDF
336 ## - TIPO DE CONTENIDO
Fuente rdacontenido
Término de tipo de contenido Texto
Código de tipo de contenido txt
337 ## - TIPO DE MEDIO
Fuente rdamedio
Nombre/término del tipo de medio Computadora
Código del tipo de medio n
338 ## - TIPO DE SOPORTE
Fuente rdasoporte
Nombre/término del tipo de soporte Código en línea
Código del tipo de soporte cr
502 ## - NOTA DE TESIS
identificador de la tesis .
502 ## - NOTA DE TESIS
Nota de tesis Tesis de grado
Tipo de título Licenciatura en Contaduría Pública y Auditoría.
Nombre de la institución que otorga el título Universidad de San Carlos de Guatemala, Centro Universitario del Norte, Licenciatura en Contaduría Pública y Auditoría.
Año de obtención del título 2019
Identificador de la tesis TCPA 78
520 14 - RESUMEN, ETC.
Sumario, etc. El presente informe detalla actividades que forman parte del ejercicio profesional supervisado, de la carrera de contaduría pública y auditoría, para el cierre de pénsum en la carrera en mención se exige al alumno del Centro Universitario del Norte de la Universidad de San Carlos de Guatemala, aplicar los conocimientos adquiridos mediante los cursos impartidos por los docentes de la casa de estudios.<br/><br/>El Ejercicio Profesional Supervisado fue realizado en la empresa denominada Maya Mix ubicada en la 11 Avenida 0-03, Zona 06 de la ciudad de Cobán, departamento de Alta Verapaz, se desarrolló a través de las distintas etapas que lo conforman, inicialmente se elaboró un diagnóstico para identificar las debilidades existentes en los procesos de la entidad, seguidamente se planificó la intervención de cuatro actividades con el objeto de solucionar las deficiencias encontradas.<br/><br/>El trabajo consistió en determinar de la base imponible del Impuesto Sobre la Renta e Impuesto al Valor Agregado del año 2012 al 2015, se realizó Auditoría de Cuentas por Pagar del año 2012 al 2015 y la elaboración de un Manual de Procedimientos y Políticas Contables.<br/><br/>En cada actividad se analizaron aspectos importantes para la solución de los errores y simplificación de los procesos de los registros contables, para lo cual se requirieron papeles de trabajo tales como, facturas de compras y ventas, formularios de declaraciones con sus respectivos recibos de pago, libros contables, etc.
650 14 - PUNTO DE ACCESO ADICIONAL DE MATERIA--TÉRMINO DE MATERIA
Fuente del encabezamiento o término LEMB
Término de materia o nombre geográfico como elemento de entrada Cobán, Alta Verapaz
Subdivisión general base imponible
-- impuestos
-- auditoría
-- politicas
700 ## - ENTRADA AGREGADA--NOMBRE PERSONAL
Nombre de persona Lic. Carlos Guerrero Bailón
Término indicativo de función/relación Asesor
856 ## - LOCALIZACIÓN Y ACCESO ELECTRÓNICOS
Identificador Uniforme de Recurso <a href="https://drive.google.com/file/d/1DpT6Clqk_YBaIyRdUZfrBQ7Ue3WZ3xqb/view?usp=sharing">https://drive.google.com/file/d/1DpT6Clqk_YBaIyRdUZfrBQ7Ue3WZ3xqb/view?usp=sharing</a>
Texto de enlace PDF
Nota pública Un ejemplar en línea.
942 ## - ELEMENTOS DE ENTRADA SECUNDARIOS (KOHA)
Fuente de la clasificación o esquema de estantería Clasificación Decimal Dewey
Tipo de ítem Koha TESIS
Parte de la signatura que identifica el ejemplar (Parte del ítem) TCPA_78
Prefijo de la signatura Clasificación
Suprimir en OPAC No
-- TCPA__78
Existencias
Estatus retirado Estado de pérdida Fuente de la clasificación o esquema de estantería Estado de daño No para préstamo Colección Biblioteca de origen Biblioteca actual Ubicación en estantería Fecha de adquisición Número de inventario Total de préstamos Signatura topográfica completa Código de barras Visto por última vez Precio de reemplazo Tipo de ítem Koha
    Clasificación Decimal Dewey     tesis BIBLIOTECA- CUNOR -JOSÉ LUIS GONZALES ROSALES BIBLIOTECA- CUNOR -JOSÉ LUIS GONZALES ROSALES Colección tesis 20/08/2025 TCPA 078   TCPA 078 TCPA 078 20/08/2025 20/08/2025 TESIS